000 00329nam a22001337a 4500
008 170713b xxu||||| |||| 00| 0 eng d
020 _a9780073386546
041 _aeng
080 _a17
100 _a24
101 _aFIL
245 _aTHE MORAL OF THE STORY A INTRODUCTION TO ETHICS
_cROOSENSTAND.N
942 _2udc
_cBK
999 _c20530
_d20530